História universal da infâmia / (Registro n. 7509)
[ somente texto ]
| 000 -LÍDER | |
|---|---|
| campo de controle de tamanho fixo | 01921nam a2200229 a 4500 |
| 001 - NÚMERO DE CONTROLE | |
| campo de controle | BS0002450 |
| 003 - IDENTIFICADOR DO NÚMERO DE CONTROLE | |
| campo de controle | BR-BrBNA |
| 005 - DATA E HORÁRIO DA ÚLTIMA TRANSAÇÃO | |
| campo de controle | 20231108143205.0 |
| 008 - CAMPO DE DADOS FIXOS--INFORMAÇÃO GERAL | |
| campo de controle de tamanho fixo | 230308b |||||||| |||| 00| 0 por d |
| 040 ## - FONTE DA CATALOGAÇÃO | |
| Instituição da catalogação original | BR-BrBNA |
| Idioma da catalogação | por |
| Instituição que transcreveu o registro | Biblioteca Nacional de Agricultura |
| 041 ## - CÓDIGO DE IDIOMA | |
| Código do idioma do texto/trilha sonora ou título diferente | por |
| 072 ## - CÓDIGO DE CATEGORIA DE ASSUNTO | |
| Código de Categoria de Assunto | S91 |
| 090 ## - NÚMERO DE CHAMADA LOCAL | |
| Número de chamada | S91 |
| Chave BR | BS0002450 |
| 100 1# - ENTRADA PRINCIPAL--NOME PESSOAL | |
| Nome pessoal | Borges, Jorge Luis. |
| 245 1# - TÍTULO | |
| Título | História universal da infâmia / |
| 250 1# - EDIÇÃO | |
| Edição | 2 ed. |
| 260 3# - PUBLICAÇÃO, DISTRIBUIÇÃO, ETC. | |
| Local de publicação, distribuição, etc. | Porto Alegre, RS: |
| Nome do editor, distribuidor, etc. | Globo, |
| Data da publicação, distribuição, etc. | 1978. |
| 300 ## - DESCRIÇÃO FÍSICA | |
| Extensão | 68 p. |
| 520 3# - NOTA DE RESUMO, ETC | |
| Resumo, etc. | As páginas desta História Universal da Infâmia inscrevem-se entre as maiores que a América Latina já produziu. Trazendo profundas implicações estéticas e filosóficas, o livro representou uma revolução sem precedentes na literatura argentina da década dos 30, que até então, salvo raríssimas exceções, como Roberto Arlt, fora eminentemente regionalista. Embora estas reflexões sobre a infâmia devessem ser apenas um exercício narrativo na intenção do autor, havia nelas qualidades que as distinguiram da produção literária da época, mesmo em termos de vanguarda. Não foi o fato de ter-se valido da eludição como parte integrante do texto ficcional, não foi ironia sutil, de sabor britânico, que perpassava sua visão de mundo, nem foi sequer a força alegórica dos temas que alcançaram o nome de Borges à fama, levando-o além das fronteiras do continente. Muitos escritores, na tradição ocidental, já haviam percorrido esses caminhos. O que Borges manifestava de inovador, e que ainda se mantém em suas obras, era a sólida consciência de que a arte é um produto, uma deformação em segundo grau da realidade, e que nunca poderá ser realista, no sentido usual do termo. Elegendo por tema um punhado de facínoras de valiada procedência, tais como Monk Eastman, Lazarus Morell, Billy the Kid, a Viúva Ching. |
| 650 ## - ASSUNTO--TERMO TÓPICO | |
| Cabeçalho tópico ou nome geográfico | LITERATURA ARGENTINA |
| 942 ## - ELEMENTOS DE ENTRADA ADICIONADOS (KOHA) | |
| Tipo de material Koha | Livros |
| Fonte da classificação ou esquema de arquivamento na estante | Classificação AGRIS |
| Situação do descarte | Fonte da classificação ou esquema de arquivamento na estante | Situação física | Não pode ser emprestado | Coleção | Biblioteca de origem | Biblioteca atual | Total de empréstimos | Número de telefone completo | Código de barras | Data de último acesso | Número do exemplar | Tipo de material Koha | Situação das perdas | Data de aquisição | Fonte de aquisição | Qualificador de local codificado |
|---|---|---|---|---|---|---|---|---|---|---|---|---|---|---|---|---|
| Classificação AGRIS | Acervo Cultural | Biblioteca Nacional de Agricultura - Binagri | Biblioteca Nacional de Agricultura - Binagri | S91 BS0002450 | S91 BS0002450 | 12/04/2023 | 01 | Livros | 2023-04-04 | Doação | S91 |

BINAGRI